<?xml version="1.0" encoding="UTF-8"?>
<collection xmlns="http://www.loc.gov/MARC21/slim">
 <record>
  <leader>00877nam a22002175a 4500</leader>
  <controlfield tag="001">EEA.libagro002625</controlfield>
  <controlfield tag="005">20141009130503.0</controlfield>
  <controlfield tag="008">130809s1983####it############000#0#eng#d</controlfield>
  <datafield tag="020" ind1=" " ind2=" ">
   <subfield code="a">9251013543</subfield>
  </datafield>
  <datafield tag="082" ind1="0" ind2="4">
   <subfield code="a">574.5265</subfield>
  </datafield>
  <datafield tag="082" ind1="0" ind2="4">
   <subfield code="a">581.90954</subfield>
  </datafield>
  <datafield tag="100" ind1="1" ind2=" ">
   <subfield code="a">Baumer, Michael.</subfield>
  </datafield>
  <datafield tag="245" ind1="1" ind2="0">
   <subfield code="a">Notes and trees and shrubs in arid and semi-arid regions /</subfield>
   <subfield code="c">Michael Baumer.</subfield>
  </datafield>
  <datafield tag="260" ind1=" " ind2=" ">
   <subfield code="a">Rome :</subfield>
   <subfield code="b">FAO,</subfield>
   <subfield code="c">1983.</subfield>
  </datafield>
  <datafield tag="300" ind1=" " ind2=" ">
   <subfield code="a">x, 270 p. ;</subfield>
   <subfield code="c">30 cm.</subfield>
  </datafield>
  <datafield tag="500" ind1=" " ind2=" ">
   <subfield code="a">En cubierta: United Nations Environment Programme.</subfield>
  </datafield>
  <datafield tag="500" ind1=" " ind2=" ">
   <subfield code="a">&quot;EMASAR Phase II&quot; -- Cubierta.</subfield>
  </datafield>
  <datafield tag="710" ind1="2" ind2=" ">
   <subfield code="a">United Nations Environment Programme.</subfield>
  </datafield>
  <datafield tag="710" ind1="2" ind2=" ">
   <subfield code="a">Programme on the Ecological Management of Air and Semi-arid Rangelands in Africa and the Near and Middle East of FAO.</subfield>
  </datafield>
  <datafield tag="710" ind1="2" ind2=" ">
   <subfield code="a">Organización de las Naciones Unidas para la Agricultura y la Alimentación.</subfield>
  </datafield>
  <datafield tag="859" ind1=" " ind2=" ">
   <subfield code="a">AR-BbBCA</subfield>
   <subfield code="b">BIB. AGRONOMIA</subfield>
   <subfield code="h">574.5265</subfield>
   <subfield code="i">B347</subfield>
   <subfield code="p">C1984/0233</subfield>
  </datafield>
 </record>
</collection>
